Normal view
MARC view
- ELECTRONIC INSTRUMENT ELECTRONIC MEASUREMENT
Entry Topical Term
001 - CONTROL NUMBER
- control field: 57150
003 - CONTROL NUMBER IDENTIFIER
- control field: NUST
005 - DATE AND TIME OF LATEST TRANSACTION
- control field: 20210628201848.0
008 - FIXED-LENGTH DATA ELEMENTS
- fixed length control field: 210628|| aca||aabn | a|a d
040 ## - CATALOGING SOURCE
- Original cataloging agency: NUST
- Transcribing agency: NUST
150 ## - HEADING--TOPICAL TERM
- Topical term or geographic name entry element: ELECTRONIC INSTRUMENT ELECTRONIC MEASUREMENT
670 ## - SOURCE DATA FOUND
- Source citation: Work cat.: (NUST): Buchla, David Mclachlan, Wayne 57149, Applied electronic instrumentation and measurement, 1992
